[Event "Gibtelecom Masters 8th"]
[Site "Gibraltar"]
[Date "2010.01.27"]
[Round "3.66"]
[White "Helin, Mikael"]
[Black "Lyell, Mark"]
[Result "0-1"]
[WhiteElo "1972"]
[BlackElo "2224"]
[PlyCount "62"]
[EventDate "2010.01.26"]
[EventType "swiss"]
[EventRounds "10"]
[EventCountry "GGB"]
[SourceDate "2005.02.07"]

1. e4 e5 2. Nc3 Nc6 3. f4 exf4 4. Nf3 g5 5. h4 g4 6. Ng5 h6 7. Nxf7 Kxf7 8Bc4+ d5 9. Bxd5+ Ke8 10. d4 f3 11. g3 Nf6 12. Kf2 Bb4 13. Re1 Nxd5 14. exd5+
Ne7 15. Qd3 Kf7 16. Qc4 Bd6 17. Ne4 Nf5 18. Nxd6+ Nxd6 19. Qb3 Bf5 20. Bf4 Re8
21. Rad1 Rxe1 22. Rxe1 Qd7 23. a4 Re8 24. Be5 Kg6 25. c4 Ne4+ 26. Rxe4 Bxe4 27Qe3 Bb1 28. Qf4 Qf5 29. Kg1 Qxf4 30. gxf4 Kf5 31. c5 g3 0-1

[Event "Gibtelecom Masters 8th"]
[Site "Gibraltar"]
[Date "2010.01.27"]
[Round "3.67"]
[White "Chapman, Terry P D"]
[Black "Stanek, Stanislav"]
[Result "1-0"]
[WhiteElo "2221"]
[BlackElo "2007"]
[PlyCount "83"]
[EventDate "2010.01.26"]
[EventType "swiss"]
[EventRounds "10"]
[EventCountry "GGB"]
[SourceDate "2005.02.07"]

1. Nf3 d6 2. d4 Bg4 3. e4 Nd7 4. h3 Bh5 5. Nc3 e5 6. g4 Bg6 7. h4 h5 8. g5 c6
9. Be3 Ne7 10. Bh3 f5 11. gxf6 gxf6 12. Qe2 Qc7 13. O-O-O Rd8 14. Kb1 Nb6 15Rhg1 Bf7 16. dxe5 dxe5 17. Rxd8+ Qxd8 18. Rd1 Qc7 19. Bxb6 axb6 20. Bd7+ Qxd7
21. Rxd7 Kxd7 22. b4 b5 23. a4 bxa4 24. Nxa4 Kc7 25. b5 Nc8 26. bxc6 bxc6 27Qa6 Be7 28. Qa5+ Kd7 29. Nd2 Rd8 30. Nb3 Ke8 31. Qc7 Nd6 32. Nb6 Be6 33. Qxc6+
Kf7 34. Nc5 Bh3 35. Qd5+ Kg6 36. Qc6 Kf7 37. Kc1 Bg4 38. c3 Ne8 39. f3 Rd6 40Qb7 Be6 41. Nxe6 Kxe6 42. Nc8 1-0

[Event "Gibtelecom Masters 8th"]
[Site "Gibraltar"]
[Date "2010.01.27"]
[Round "3.68"]
[White "Arvola, Benjamin"]
[Black "Perez Reisler, Jose"]
[Result "1-0"]
[WhiteElo "2218"]
[BlackElo "2001"]
[PlyCount "65"]
[EventDate "2010.01.26"]
[EventType "swiss"]
[EventRounds "10"]
[EventCountry "GGB"]
[SourceDate "2005.02.07"]

1. Nf3 c5 2. e4 Nc6 3. d4 cxd4 4. Nxd4 Nf6 5. Nc3 e5 6. Ndb5 d6 7. Bg5 a6 8Na3 b5 9. Nd5 Be7 10. Bxf6 Bxf6 11. c4 Rb8 12. cxb5 axb5 13. Nxb5 Qa5+ 14. Qd2
Qxd2+ 15. Kxd2 Bg5+ 16. f4 exf4 17. Nxd6+ Kf8 18. Kc3 Be6 19. Bb5 Ne7 20. Kc4
f5 21. Kc5 fxe4 22. Nc7 Bg4 23. h3 Bc8 24. Nxe4 Bh6 25. Rad1 Bb7 26. Rhe1 Nf5
27. Rd7 Ne3 28. Ne6+ Kg8 29. Rxe3 fxe3 30. Bc4 Rc8+ 31. Nc7+ Kf8 32. Rf7+ Kg8
33. Rf2+ 1-0

[Event "Gibtelecom Masters 8th"]
[Site "Gibraltar"]
[Date "2010.01.27"]
[Round "3.69"]
[White "Tjolsen, Katrine"]
[Black "Marder, Simon"]
[Result "1-0"]
[WhiteElo "2212"]
[BlackElo "1993"]
[PlyCount "55"]
[EventDate "2010.01.26"]
[EventType "swiss"]
[EventRounds "10"]
[EventCountry "GGB"]
[SourceDate "2005.02.07"]

1. e4 d5 2. exd5 Qxd5 3. Nf3 Bg4 4. Be2 Nc6 5. d4 Nf6 6. c4 Qh5 7. Be3 e5 8. d5
O-O-O 9. Nc3 e4 10. Nd4 Ne5 11. Qa4 Bxe2 12. Ndxe2 Nd3+ 13. Kd2 Nxb2 14. Qb3
Nxc4+ 15. Qxc4 Nxd5 16. Kc2 Nxe3+ 17. fxe3 Bc5 18. Nf4 Qe5 19. Nfd5 Bb6 20. a4
Ba5 21. Rab1 a6 22. Rhd1 Bxc3 23. Rxb7 Kxb7 24. Rb1+ Kc8 25. Nb6+ Kb7 26. Nd7+
Kc8 27. Qc6 Rxd7 28. Qa8# 1-0

[Event "Gibtelecom Masters 8th"]
[Site "Gibraltar"]
[Date "2010.01.27"]
[Round "3.70"]
[White "Webster, Richard J"]
[Black "Henriksson, Johan"]
[Result "0-1"]
[WhiteElo "1961"]
[BlackElo "2204"]
[PlyCount "56"]
[EventDate "2010.01.26"]
[EventType "swiss"]
[EventRounds "10"]
[EventCountry "GGB"]
[SourceDate "2005.02.07"]

1. c4 c6 2. Nf3 Nf6 3. Nc3 d5 4. d4 g6 5. g3 dxc4 6. a4 Bg7 7. Bg2 O-O 8. O-Nd5 9. e3 Bf5 10. Ne1 Nxc3 11. bxc3 e5 12. Ba3 Re8 13. e4 Bd7 14. d5 cxd5 15Qxd5 Qc8 16. Rb1 Bxa4 17. Rxb7 Nd7 18. Rb1 Nf6 19. Qa5 Bb3 20. Nf3 Qd8 21. Qa6
Qb6 22. Qxb6 axb6 23. Bd6 Nxe4 24. Bxe5 Bxe5 25. Nxe5 Rxe5 26. f3 Nxc3 27. Rxb3
cxb3 28. f4 Rea5 0-1

[Event "Gibtelecom Masters 8th"]
[Site "Gibraltar"]
[Date "2010.01.27"]
[Round "3.71"]
[White "Weeramantry, Sunil"]
[Black "Young, Melvyn"]
[Result "1-0"]
[WhiteElo "2201"]
[BlackElo "1717"]
[PlyCount "31"]
[EventDate "2010.01.26"]
[EventType "swiss"]
[EventRounds "10"]
[EventCountry "GGB"]
[SourceDate "2005.02.07"]

1. e4 c5 2. Nc3 d6 3. f4 g6 4. Nf3 Bg7 5. Bc4 Nc6 6. O-O e6 7. d3 Nge7 8. Qe1
h6 9. Bb3 O-O 10. f5 exf5 11. Qh4 fxe4 12. dxe4 Nd4 13. Bxh6 Nxf3+ 14. Rxf3 Nc6
15. Bg5 Qe8 16. Nd5 1-0

[Event "Gibtelecom Masters 8th"]
[Site "Gibraltar"]
[Date "2010.01.27"]
[Round "3.72"]
[White "Urbina Perez, Juan Antonio"]
[Black "Green, Per"]
[Result "1-0"]
[WhiteElo "2197"]
[BlackElo "1970"]
[PlyCount "101"]
[EventDate "2010.01.26"]
[EventType "swiss"]
[EventRounds "10"]
[EventCountry "GGB"]
[SourceDate "2005.02.07"]

1. e4 e6 2. d4 d5 3. Nd2 Nf6 4. e5 Nfd7 5. c3 c5 6. Bd3 Nc6 7. Ne2 cxd4 8. cxd4
f6 9. exf6 Nxf6 10. Nf3 Bd6 11. O-O O-O 12. Bf4 Bxf4 13. Nxf4 Ne4 14. Qc1 Qf6
15. Nh5 Qf7 16. Ng3 Nxg3 17. fxg3 Qh5 18. Bb5 Rxf3 19. gxf3 Nxd4 20. Qc5 Qe5
21. Rae1 Qf6 22. Ba4 b6 23. Qc3 Ba6 24. Rf2 Rc8 25. Qe3 b5 26. Bd1 Rc6 27. Rd2
Nf5 28. Qxa7 Qd8 29. Rde2 Bc8 30. Rc2 Rxc2 31. Bxc2 Nd6 32. Bd3 Bd7 33. Rc1 Nc4
34. b3 Ne5 35. Be2 Nc6 36. Qb7 Nd4 37. Kf2 Kf8 38. Qa7 Nxe2 39. Kxe2 Qg5 40Qe3 Qh5 41. Qf4+ Ke8 42. g4 Qg6 43. Qe5 Ke7 44. Rc7 Qf6 45. f4 Qh6 46. h3 g6
47. Rb7 Qf8 48. Qc7 Qd8 49. Qc5+ Kf6 50. Qd6 Qc8 51. g5+ 1-0

[Event "Gibtelecom Masters 8th"]
[Site "Gibraltar"]
[Date "2010.01.27"]
[Round "3.73"]
[White "Boesch, Heinz"]
[Black "Byron, Alan M"]
[Result "0-1"]
[WhiteElo "1948"]
[BlackElo "2196"]
[PlyCount "103"]
[EventDate "2010.01.26"]
[EventType "swiss"]
[EventRounds "10"]
[EventCountry "GGB"]
[SourceDate "2005.02.07"]

1. e4 c5 2. d4 cxd4 3. c3 d3 4. Bxd3 Nc6 5. c4 g6 6. Nf3 Bg7 7. Nc3 d6 8. h3
Nf6 9. O-O O-O 10. Bg5 Bd7 11. Rc1 a6 12. Qe2 Rc8 13. Rfd1 h6 14. Be3 Qa5 15Nd4 Nxd4 16. Bxd4 Be6 17. b3 Qg5 18. Be3 Qh4 19. Nd5 Bxd5 20. exd5 Nh5 21. Qg4
Qxg4 22. hxg4 Nf6 23. f3 Nd7 24. Be2 Kh7 25. Kf2 Rh8 26. Rh1 Kg8 27. Rh3 Nf6
28. Rch1 h5 29. gxh5 Rxh5 30. Rxh5 Nxh5 31. g4 Nf6 32. Bd3 Nd7 33. Rd1 Bc3 34Be4 Bb4 35. f4 Bc5 36. Kf3 Bxe3 37. Kxe3 Kg7 38. Rh1 a5 39. Kd4 Nc5 40. Rh3 Rb8
41. a3 b5 42. b4 axb4 43. axb4 Nxe4 44. Kxe4 bxc4 45. Rc3 Rxb4 46. Kd4 Kf6 47Rf3 Rb3 48. Rf2 Rg3 49. g5+ Kf5 50. Kxc4 Rg4 51. Re2 Rxf4+ 52. Kd3 0-1

[Event "Gibtelecom Masters 8th"]
[Site "Gibraltar"]
[Date "2010.01.27"]
[Round "3.74"]
[White "Martsynovskaya, Marina"]
[Black "Andersen, Niels Erik"]
[Result "1-0"]
[WhiteElo "2184"]
[BlackElo "1965"]
[PlyCount "47"]
[EventDate "2010.01.26"]
[EventType "swiss"]
[EventRounds "10"]
[EventCountry "GGB"]
[SourceDate "2005.02.07"]

1. e4 c5 2. Nf3 d6 3. d4 cxd4 4. Nxd4 Nf6 5. Nc3 a6 6. a4 e5 7. Nf3 Be7 8. Be2
O-O 9. O-O Nbd7 10. Re1 Nc5 11. Bf1 b6 12. b4 Ncd7 13. Ba3 Qc7 14. Nd5 Nxd5 15exd5 f5 16. Nd4 Nb8 17. Nb3 Bd7 18. Bb2 Be8 19. c4 Nd7 20. a5 Rb8 21. axb6 Rxb6
22. Ba3 Qb8 23. Nd4 Nf6 24. Nxf5 1-0

[Event "Gibtelecom Masters 8th"]
[Site "Gibraltar"]
[Date "2010.01.27"]
[Round "3.75"]
[White "Skage, Oystein Aagedal"]
[Black "Byrn, Carsten"]
[Result "1/2-1/2"]
[WhiteElo "1935"]
[BlackElo "2171"]
[PlyCount "82"]
[EventDate "2010.01.26"]
[EventType "swiss"]
[EventRounds "10"]
[EventCountry "GGB"]
[SourceDate "2005.02.07"]

1. e4 c5 2. Nf3 e6 3. d4 cxd4 4. Nxd4 Nf6 5. Nc3 Nc6 6. Ndb5 d6 7. Bf4 e5 8Bg5 a6 9. Na3 b5 10. Nd5 Be7 11. Bxf6 Bxf6 12. c3 O-O 13. Nc2 Bg5 14. a4 bxa4
15. Rxa4 a5 16. Bc4 Bd7 17. Ra2 Ne7 18. h4 Bh6 19. g4 Bf4 20. Nxf4 exf4 21Qxd6 Bxg4 22. Qxd8 Rfxd8 23. Nd4 Nc6 24. Bd5 Nxd4 25. cxd4 Be6 26. Bxe6 fxe6
27. Ra4 Rab8 28. Ke2 Rxb2+ 29. Kf3 Rd2 30. Kxf4 R8xd4 31. Rxa5 Rxf2+ 32. Ke5
Rd8 33. Ra6 Rf6 34. Rxe6 Rxe6+ 35. Kxe6 Re8+ 36. Kf5 Rf8+ 37. Kg5 Re8 38. Re1
Re5+ 39. Kf4 Rh5 40. Kg4 Re5 41. Kf4 Rh5 1/2-1/2

[Event "Gibtelecom Masters 8th"]
[Site "Gibraltar"]
[Date "2010.01.27"]
[Round "3.76"]
[White "Kvisla, Johannes Luangtep"]
[Black "Mancini, Giustino"]
[Result "1-0"]
[WhiteElo "2161"]
[BlackElo "1946"]
[PlyCount "78"]
[EventDate "2010.01.26"]
[EventType "swiss"]
[EventRounds "10"]
[EventCountry "GGB"]
[SourceDate "2005.02.07"]

1. d4 d5 2. Nf3 Nf6 3. c4 c6 4. Qc2 e6 5. g3 Nbd7 6. Nbd2 b6 7. Bg2 Bb7 8. O-Bd6 9. e4 dxe4 10. Nxe4 Nxe4 11. Qxe4 Nf6 12. Qh4 Qc7 13. Bg5 Be7 14. Bf4 Qd8
15. Ne5 Rc8 16. Bg5 O-O 17. Rfd1 Nd5 18. Bxe7 Nxe7 19. Rac1 Qc7 20. Qe4 Ba8 21c5 b5 22. Re1 Ng6 23. Nd3 a5 24. h4 Rfd8 25. h5 Ne7 26. Bh3 Nf5 27. Bxf5 exf5
28. Qe3 Qd7 29. Qg5 h6 30. Qe7 Rc7 31. Qe5 Bb7 32. Rcd1 Kf8 33. Qf4 f6 34. Qf3
Bc8 35. Nf4 Qf7 36. Re3 Re8 37. Rde1 Rxe3 38. Qxe3 Qd7 39. Qb3 g5 1-0

[Event "Gibtelecom Masters 8th"]
[Site "Gibraltar"]
[Date "2010.01.27"]
[Round "3.77"]
[White "Haarr, Jon Kristian"]
[Black "De Lillo, Michele"]
[Result "1/2-1/2"]
[WhiteElo "2157"]
[BlackElo "1934"]
[PlyCount "55"]
[EventDate "2010.01.26"]
[EventType "swiss"]
[EventRounds "10"]
[EventCountry "GGB"]
[SourceDate "2005.02.07"]

1. e4 e6 2. Nf3 d5 3. e5 c5 4. b4 cxb4 5. a3 Nc6 6. axb4 Bxb4 7. c3 Ba5 8. d4
Nge7 9. Bd3 Ng6 10. h4 Nge7 11. Ba3 Rb8 12. O-O b5 13. Bd6 Bc7 14. Bxc7 Qxc7
15. Nh2 Nf5 16. h5 h6 17. g4 Nh4 18. f4 Qe7 19. Nd2 b4 20. Qa4 Bd7 21. Bb5 bxc3
22. Bxc6 cxd2 23. Qxa7 Rc8 24. Bxd7+ Qxd7 25. Qxd7+ Kxd7 26. Ra2 g6 27. hxg6
fxg6 28. Rxd2 1/2-1/2

[Event "Gibtelecom Masters 8th"]
[Site "Gibraltar"]
[Date "2010.01.27"]
[Round "3.78"]
[White "Nilsen, Joachim Birger"]
[Black "Tari, Aryan"]
[Result "1-0"]
[WhiteElo "2152"]
[BlackElo "1932"]
[PlyCount "63"]
[EventDate "2010.01.26"]
[EventType "swiss"]
[EventRounds "10"]
[EventCountry "GGB"]
[SourceDate "2005.02.07"]

1. d4 Nf6 2. Bg5 e6 3. Nd2 Be7 4. e4 b6 5. e5 Nd5 6. Bxe7 Nxe7 7. Bd3 Bb7 8Qg4 Ng6 9. h4 f5 10. Qg3 O-O 11. h5 Nh8 12. Ne2 Nf7 13. Nf3 Nc6 14. c3 a5 15Nf4 Ne7 16. c4 Qc8 17. h6 g6 18. Qh4 Bxf3 19. Qxe7 Be4 20. Qf6 Nxh6 21. Qh4
Bxd3 22. Qxh6 Rf7 23. Nxd3 Qb7 24. f3 Qa6 25. Rc1 Qc8 26. Nf4 Qf8 27. Qxf8+
Rfxf8 28. Kf2 Rfe8 29. Rhe1 Kf7 30. d5 Rad8 31. Rcd1 Ke7 32. Rh1 1-0

[Event "Gibtelecom Masters 8th"]
[Site "Gibraltar"]
[Date "2010.01.27"]
[Round "3.79"]
[White "Grant, David"]
[Black "Groffen, Hans"]
[Result "0-1"]
[WhiteElo "1913"]
[BlackElo "2150"]
[PlyCount "60"]
[EventDate "2010.01.26"]
[EventType "swiss"]
[EventRounds "10"]
[EventCountry "GGB"]
[SourceDate "2005.02.07"]

1. e4 e6 2. d4 d5 3. e5 c5 4. c3 Nc6 5. Nf3 Bd7 6. Bd3 Qb6 7. dxc5 Bxc5 8. O-Qc7 9. b4 Bb6 10. Bf4 Nge7 11. Qe2 Ng6 12. Bg3 a5 13. Na3 Nce7 14. Nb5 Bxb5 15Bxb5+ Nc6 16. Rfe1 O-O 17. h4 Rfc8 18. a3 axb4 19. cxb4 Nd4 20. Qd3 Qc3 21. h5
Ne7 22. a4 Qxd3 23. Bxd3 Nxf3+ 24. gxf3 Rc3 25. a5 Bd4 26. a6 bxa6 27. Rxa6 Rb8
28. Be2 g5 29. hxg6 Nxg6 30. f4 Rxg3+ 0-1

[Event "Gibtelecom Masters 8th"]
[Site "Gibraltar"]
[Date "2010.01.27"]
[Round "3.80"]
[White "Pereira, Johnharry"]
[Black "Weber, Francois"]
[Result "1-0"]
[WhiteElo "1892"]
[BlackElo "2149"]
[PlyCount "145"]
[EventDate "2010.01.26"]
[EventType "swiss"]
[EventRounds "10"]
[EventCountry "GGB"]
[SourceDate "2005.02.07"]

1. d4 f5 2. Nc3 Nf6 3. Bg5 d5 4. Bxf6 exf6 5. e3 c6 6. Bd3 Qa5 7. a3 g6 8. h4
h5 9. Nh3 Be6 10. b4 Qc7 11. g3 Nd7 12. Na4 b5 13. Nf4 Bf7 14. Nc5 Nb6 15. O-Bd6 16. Qf3 Nc4 17. Rfe1 Bxc5 18. Bxc4 Bd6 19. Bd3 Kf8 20. c3 Kg7 21. a4 a6 22a5 Rae8 23. Ne2 Be6 24. Nc1 Bc8 25. Nb3 Re7 26. Ra2 Rhe8 27. Nc5 Kh6 28. Be2
Rh8 29. Nd3 Kg7 30. Raa1 Ree8 31. Bf1 Qf7 32. Bh3 Kh6 33. Kh1 Rhg8 34. Rg1 Kg7
35. Rae1 Kf8 36. Bf1 Re4 37. Nc5 Re8 38. Bd3 Bb8 39. Be2 Rh8 40. Bd3 Bd6 41Kg2 Rg8 42. Kf1 Rg7 43. Qh1 Kg8 44. Nb3 Qe7 45. Ke2 Qc7 46. Kd2 Rge7 47. Kc2
Kg7 48. Qf3 Be6 49. Nc1 Kf8 50. Ne2 Bg8 51. Nf4 Rg7 52. Ng2 Qe7 53. Rb1 Bh7 54Nf4 Qf7 55. Qd1 Qg8 56. Kb2 Qf7 57. Bc2 Bg8 58. Nd3 Qc7 59. Nc5 Qc8 60. Qd2
Rge7 61. Rbe1 Rd8 62. f3 Bxc5 63. dxc5 Qe6 64. Qd4 Rde8 65. g4 hxg4 66. fxg4
Rg7 67. gxf5 gxf5 68. h5 Rxg1 69. Rxg1 Bf7 70. h6 Qxe3 71. Qxf6 d4 72. cxd4 Qd2
73. Rg8+ 1-0

[Event "Gibtelecom Masters 8th"]
[Site "Gibraltar"]
[Date "2010.01.27"]
[Round "3.81"]
[White "Molina, Antonio"]
[Black "Steinskog, Asbjorn Ottesen"]
[Result "1/2-1/2"]
[WhiteElo "2148"]
[BlackElo "1884"]
[PlyCount "100"]
[EventDate "2010.01.26"]
[EventType "swiss"]
[EventRounds "10"]
[EventCountry "GGB"]
[SourceDate "2005.02.07"]

1. d4 d5 2. c4 e6 3. Nc3 Nf6 4. cxd5 exd5 5. Bg5 c6 6. Qc2 Bd6 7. e3 O-O 8. Bd3
h6 9. Bh4 Nbd7 10. Nge2 b6 11. f3 Bb7 12. e4 dxe4 13. fxe4 Be7 14. O-O Ng4 15Bxe7 Qxe7 16. Qd2 c5 17. d5 Nde5 18. h3 Nxd3 19. Qxd3 Ne5 20. Qg3 Ng6 21. Rf2
Ba6 22. Re1 Qe5 23. Rf5 Qxg3 24. Nxg3 Rfe8 25. Rd1 Rad8 26. b3 Bc8 27. Rf2 Bd7
28. Nf5 Bxf5 29. Rxf5 Rd7 30. Rf2 Ne5 31. Re2 Ng6 32. g3 f5 33. exf5 Rxe2 34Nxe2 Ne7 35. g4 Rxd5 36. Rxd5 Nxd5 37. Kf2 Kf7 38. Kf3 Ke7 39. Ke4 Kd6 40. h4
Nf6+ 41. Kf3 Nd5 42. Nf4 Nxf4 43. Kxf4 b5 44. Ke4 c4 45. bxc4 bxc4 46. g5 hxg5
47. hxg5 c3 48. Kd3 Ke5 49. f6 gxf6 50. gxf6 Kxf6 1/2-1/2

[Event "Gibtelecom Masters 8th"]
[Site "Gibraltar"]
[Date "2010.01.27"]
[Round "3.82"]
[White "Thingstad, Even"]
[Black "Fox, Pierre"]
[Result "0-1"]
[WhiteElo "2141"]
[BlackElo "1788"]
[PlyCount "65"]
[EventDate "2010.01.26"]
[EventType "swiss"]
[EventRounds "10"]
[EventCountry "GGB"]
[SourceDate "2005.02.07"]

1. d4 d5 2. c4 e6 3. Nc3 Bb4 4. Nf3 Nf6 5. Bg5 dxc4 6. Qa4+ Nc6 7. Ne5 Qxd4 8Bd2 Qxe5 9. e3 Qa5 10. Qc2 b5 11. Be2 Bb7 12. O-O O-O 13. f4 Qb6 14. Rf3 Ne7
15. Rh3 Ng6 16. Rf1 Bd6 17. Kh1 b4 18. Nd1 b3 19. Qb1 Be4 20. Qa1 Rad8 21. Bc3
Qc6 22. Rg1 Bf5 23. Bf3 Ne4 24. g4 Qa6 25. gxf5 exf5 26. Bxe4 fxe4 27. f5 Ne5
28. Nf2 f6 29. Qd1 Nf3 30. Qd5+ Kh8 31. a3 Nxg1 32. Rh5 Ne2 33. Qd1 0-1

[Event "Gibtelecom Masters 8th"]
[Site "Gibraltar"]
[Date "2010.01.27"]
[Round "3.83"]
[White "Valhondo Morales, Ruben"]
[Black "Daoudi, Kamal"]
[Result "1-0"]
[WhiteElo "1762"]
[BlackElo "2142"]
[PlyCount "91"]
[EventDate "2010.01.26"]
[EventType "swiss"]
[EventRounds "10"]
[EventCountry "GGB"]
[SourceDate "2005.02.07"]

1. e4 e5 2. Nf3 Nc6 3. Bb5 a6 4. Ba4 Nf6 5. Qe2 b5 6. Bb3 Be7 7. c3 d6 8. O-O-O 9. Rd1 Na5 10. Bc2 c5 11. d4 Qc7 12. d5 Bg4 13. h3 Bh5 14. Nbd2 Bg6 15. Nf1
Nh5 16. g4 Nf6 17. Ng3 c4 18. Nf5 Bxf5 19. gxf5 g6 20. Bh6 Rfe8 21. Kh1 Bf8 22Qd2 Qe7 23. Rg1 Nb7 24. Bxf8 Qxf8 25. Nh4 Nc5 26. Qg5 Ncxe4 27. Qg2 Qh6 28fxg6 fxg6 29. Bxe4 Qxh4 30. Bxg6 Re7 31. Bf5+ Kh8 32. Be6 a5 33. Rae1 Qh6 34Re3 Rg7 35. Rg3 Nh5 36. Rxg7 Nxg7 37. Bd7 Rf8 38. Bxb5 Rf4 39. b3 Qf6 40. Bxc4
e4 41. Re1 Rxf2 42. Qxf2 Qxf2 43. Rf1 Qxf1+ 44. Bxf1 Nf5 45. b4 a4 46. b5 1-0

[Event "Gibtelecom Masters 8th"]
[Site "Gibraltar"]
[Date "2010.01.27"]
[Round "3.85"]
[White "Frey, Matthias"]
[Black "Montero Melendez, Rafael"]
[Result "1-0"]
[WhiteElo "1907"]
[BlackElo "2248"]
[PlyCount "83"]
[EventDate "2010.01.26"]
[EventType "swiss"]
[EventRounds "10"]
[EventCountry "GGB"]
[SourceDate "2005.02.07"]

1. e4 d6 2. d4 Nf6 3. Nc3 g6 4. f4 Bg7 5. Nf3 c5 6. Be3 cxd4 7. Nxd4 Nc6 8. Qd2
O-O 9. O-O-O Bd7 10. h3 Nxd4 11. Bxd4 Bc6 12. Qe3 Qa5 13. Kb1 b5 14. e5 dxe5
15. fxe5 Nd5 16. Nxd5 Bxd5 17. b3 e6 18. h4 Rfc8 19. Rh3 Rc6 20. Qd2 Qxd2 21Rxd2 a6 22. g4 h6 23. Bd3 Rd8 24. Bb2 Rcc8 25. Re3 Bf8 26. Be2 Be7 27. Rh3 Bb4
28. Rd1 Rd7 29. Bf3 Rcd8 30. Bxd5 Rxd5 31. Rhd3 Rxd3 32. cxd3 Be7 33. h5 Kg7
34. d4 f6 35. Rc1 gxh5 36. gxh5 f5 37. Rg1+ Kf7 38. Bc1 Rxd4 39. Bxh6 Rh4 40Rg7+ Kf8 41. Rxe7+ Kg8 42. Rxe6 1-0

[Event "Gibtelecom Masters 8th"]
[Site "Gibraltar"]
[Date "2010.01.27"]
[Round "3.86"]
[White "Arnott, Jonathan W"]
[Black "Benitah, Yohan"]
[Result "0-1"]
[WhiteElo "2154"]
[BlackElo "2390"]
[PlyCount "74"]
[EventDate "2010.01.26"]
[EventType "swiss"]
[EventRounds "10"]
[EventCountry "GGB"]
[SourceDate "2005.02.07"]

1. e4 c5 2. Nf3 d6 3. Bb5+ Nd7 4. O-O Ngf6 5. d4 cxd4 6. Qxd4 e5 7. Qd3 Be7 8c4 O-O 9. Bxd7 Bxd7 10. Nc3 h6 11. Be3 a6 12. Rfd1 Qc7 13. Rac1 Bg4 14. Nd5
Nxd5 15. cxd5 Qd7 16. Bb6 Rac8 17. h3 Bh5 18. Rxc8 Rxc8 19. Kh2 Qa4 20. a3 Bg6
21. Re1 Qc2 22. Qe2 Qxe2 23. Rxe2 Rc4 24. Re3 Rc2 25. b4 Rxf2 26. Rc3 Re2 27Rc8+ Kh7 28. Rc7 Bf6 29. Rxb7 Bxe4 30. Kg3 Bxd5 31. Rd7 Bg5 32. Nxg5+ hxg5 33Bf2 f5 34. Rxd6 Be4 35. Rxa6 f4+ 36. Kg4 Rxf2 37. Kxg5 Rxg2+ 0-1

[Event "Gibtelecom Masters 8th"]
[Site "Gibraltar"]
[Date "2010.01.27"]
[Round "3.87"]
[White "Dworakowska, Joanna"]
[Black "Lipecki, Alexander"]
[Result "1-0"]
[WhiteElo "2374"]
[BlackElo "2146"]
[PlyCount "77"]
[EventDate "2010.01.26"]
[EventType "swiss"]
[EventRounds "10"]
[EventCountry "GGB"]
[SourceDate "2005.02.07"]

1. e4 e6 2. d4 d5 3. Nc3 Nf6 4. e5 Nfd7 5. f4 c5 6. Nf3 Nc6 7. Be3 a6 8. Qd2 b5
9. a3 Qb6 10. Ne2 c4 11. g4 h5 12. gxh5 Rxh5 13. f5 Rxf5 14. Ng5 Be7 15. h4 Bb7
16. Bh3 Bxg5 17. hxg5 Rf3 18. Bg1 b4 19. Bg4 Rf5 20. Bxf5 exf5 21. axb4 Nxb4
22. Nf4 O-O-O 23. Qf2 Nf8 24. Rh3 Kd7 25. c3 Nc6 26. Nxd5 Qb5 27. Ne3 Na5 28Qc2 Nb3 29. Qxf5+ Ke7 30. Rd1 Bc8 31. Qf3 Bxh3 32. Qxh3 g6 33. Qf3 Nd7 34. Nd5+
Kf8 35. Qh1 Kg8 36. Ne7+ Kf8 37. Nc6 Kg7 38. Qh6+ Kg8 39. Ne7# 1-0

[Event "Gibtelecom Masters 8th"]
[Site "Gibraltar"]
[Date "2010.01.27"]
[Round "3.88"]
[White "Hughes, Roy"]
[Black "Andre, Gordon"]
[Result "0-1"]
[WhiteElo "1976"]
[BlackElo "2308"]
[PlyCount "74"]
[EventDate "2010.01.26"]
[EventType "swiss"]
[EventRounds "10"]
[EventCountry "GGB"]
[SourceDate "2005.02.07"]

1. e4 d6 2. Nc3 g6 3. f4 Bg7 4. Nf3 a6 5. g3 b5 6. Bg2 Bb7 7. d3 e6 8. O-O Ne7
9. Ne2 Nd7 10. c3 c5 11. Qc2 Qc7 12. Be3 O-O 13. h3 a5 14. g4 d5 15. Bf2 c4 16e5 cxd3 17. Qxd3 Nc5 18. Qxb5 Ne4 19. Bb6 Qb8 20. Be3 Ba6 21. Qxb8 Rfxb8 22Rfe1 Rxb2 23. Ned4 Nxc3 24. Bd2 Ne4 25. Bc1 Rb7 26. Ba3 Rc8 27. Rab1 Rcb8 28Rxb7 Rxb7 29. Rc1 Bh6 30. g5 Bf8 31. Kh2 Bc4 32. Rc2 Nf5 33. Bc1 Bc5 34. Nb3
Bxb3 35. axb3 Rxb3 36. Nd2 Nxd2 37. Rxc5 Nc4 0-1

[Event "Gibtelecom Masters 8th"]
[Site "Gibraltar"]
[Date "2010.01.27"]
[Round "3.89"]
[White "Getz, Nicolai"]
[Black "Fox, Anthony"]
[Result "0-1"]
[WhiteElo "2280"]
[BlackElo "2113"]
[PlyCount "130"]
[EventDate "2010.01.26"]
[EventType "swiss"]
[EventRounds "10"]
[EventCountry "GGB"]
[SourceDate "2005.02.07"]

1. d4 d5 2. c4 e6 3. Nf3 Nf6 4. g3 Be7 5. Bg2 O-O 6. O-O dxc4 7. Qc2 a6 8. Qxc4
b5 9. Qc2 Bb7 10. Bf4 Nd5 11. Nbd2 Nd7 12. Nb3 c5 13. dxc5 Rc8 14. Rad1 Nxc5
15. e4 Nd7 16. Qd2 N5f6 17. Rfe1 Qb6 18. Nfd4 Nc5 19. Nxc5 Bxc5 20. Nb3 Rfd8
21. Qe2 Bb4 22. Rxd8+ Rxd8 23. Rc1 Rd7 24. h3 h6 25. g4 Nh7 26. Be3 Qd8 27. Bc5
Bd2 28. Rd1 Bf4 29. Rxd7 Qxd7 30. Be3 Qc7 31. Nc5 Bxe3 32. Qxe3 e5 33. Nxb7
Qxb7 34. Qc5 Qb8 35. Qc6 a5 36. Bf1 Ng5 37. Kg2 b4 38. Bc4 Qd8 39. h4 Nh7 40Kg3 Nf8 41. Bd5 Qe7 42. Qb6 Kh7 43. Qb7 Qxb7 44. Bxb7 Kg6 45. f4 exf4+ 46. Kxf4
Kf6 47. g5+ Ke7 48. gxh6 gxh6 49. Kf5 Ng6 50. h5 Nf8 51. Bc8 Nh7 52. e5 Ng5 53Ba6 Ne6 54. Bc4 Ng7+ 55. Ke4 Nxh5 56. Kd5 Nf4+ 57. Kc5 Ng6 58. Bf1 Nxe5 59. Kb5
Kd6 60. a4 bxa3 61. bxa3 f5 62. Kxa5 Kc5 63. a4 f4 64. Ka6 f3 65. a5 Nc6 0-1

[Event "Gibtelecom Masters 8th"]
[Site "Gibraltar"]
[Date "2010.01.27"]
[Round "3.90"]
[White "Royset, Paal"]
[Black "Brown, Thomas"]
[Result "0-1"]
[WhiteElo "2279"]
[BlackElo "2064"]
[PlyCount "102"]
[EventDate "2010.01.26"]
[EventType "swiss"]
[EventRounds "10"]
[EventCountry "GGB"]
[SourceDate "2005.02.07"]

1. e4 c6 2. d4 d5 3. exd5 cxd5 4. c4 Nf6 5. Nc3 Nc6 6. Bg5 Be6 7. a3 g6 8. Bxf6
exf6 9. Nf3 Bh6 10. Be2 O-O 11. O-O Re8 12. b4 g5 13. Ra2 f5 14. b5 Ne7 15. c5
f4 16. Bd3 Kh8 17. Ne5 Kg7 18. g3 Ng6 19. Re1 g4 20. Bb1 Qg5 21. Bd3 Re7 22Rae2 f3 23. Re3 Qh5 24. Nxg6 Bxe3 25. Nh4 Bg5 26. Re5 f6 27. Nf5+ Kf8 28. Rxd5
Bxd5 29. Nxe7 Be6 30. Ned5 Rd8 31. Nc7 Qf7 32. Qe1 Bc8 33. N7d5 Rxd5 34. Bc4
Be6 35. Qe4 f5 36. Qe1 Bf6 37. Bxd5 Bxd5 38. Qd2 Qe6 39. Qh6+ Bg7 40. Qd2 Bxd4
41. h4 Bxc3 42. Qxc3 Kf7 43. Qd4 Qe4 44. Qd2 Be6 45. Qc1 Bd5 46. Qd2 h6 47. Kh2
Kg6 48. Kg1 Qe2 49. Qc1 f4 50. Qb1+ Be4 51. Qb4 fxg3 0-1